000 00671 a2200217 4500
999 _c9527
_d9527
020 _a0702112550
050 0 0 _aKTL2824 JAC 1982
100 1 _aJacobs, Marcus.
_eauthor
245 1 4 _aThe law of expropriation in South Africa /
_cMarcus Jacobs.
264 _aCape Town:
_bJuta and Co.,
_c1982
300 _axxxiv, 700 p. ;
500 _aContains text of the Expropriation act, 1975.
500 _aAddenda slip inserted.
500 _aIncludes index.
504 _aBibliography: p. xv-xvi.
650 0 _aEminent domain
650 0 _aEminent domain
710 1 2 _aSouth Africa.
_tExpropriation act, 1975.
_f1982.
942 _2lcc
_cBK
_h2824
_iJAC
_kKTL